|
|
|
|
| LEADER |
00847nab#a2200337#ar4500 |
| 001 |
000027607 |
| 003 |
SVKKK |
| 005 |
00000000000000.0 |
| 008 |
c xo e sloo |
| FMT |
|
|
|
| 038 |
|
|
|a SVKKK
|
| 040 |
|
|
|a SVKKK
|b slo
|e AACR2
|
| 041 |
0 |
|
|a slo
|
| 044 |
|
|
|a xo
|c SK
|
| 080 |
|
|
|a 334.
|2 1981
|
| 090 |
|
|
|a ŠVK K
|
| 100 |
0 |
|
|a (mk)
|4 aut
|
| 245 |
1 |
0 |
|a Chceme prežiť
|c (mk) ... [et al.]
|
| 650 |
0 |
4 |
|a podnikanie súkromné
|z V-PRAG AMD, Košice
|z Spišská Nová Ves
|x firma stavebná
|x podmienky
|x názory
|
| 700 |
1 |
|
|a Danihel, Miloslav
|4 aut
|
| 700 |
1 |
|
|a Novotný, Ladislav
|4 aut
|
| 773 |
0 |
|
|t Verejná správa
|g , č. 6(1993), s. 9
|
| 957 |
|
|
|a Košice
|
| 957 |
|
|
|a Spišská Nová Ves
|
| 958 |
|
|
|a KE
|
| 958 |
|
|
|a SN
|
| 974 |
|
|
|d 021107
|a Čr
|
| 992 |
|
|
|a RBX
|
| BAS |
|
|
|
| 852 |
|
|
|a SVKKK
|b BIB
|
| 998 |
|
|
|a REG
|